Advertising as a career / (Record no. 129274)
[ view plain ]
| 000 -LEADER | |
|---|---|
| fixed length control field | 00817nam a22002657a 4500 |
| 003 - CONTROL NUMBER IDENTIFIER | |
| control field | dpl |
| 005 - DATE AND TIME OF LATEST TRANSACTION | |
| control field | 20180623151341.0 |
| 008 - FIXED-LENGTH DATA ELEMENTS--GENERAL INFORMATION | |
| fixed length control field | 180623b xxu||||| |||| 00| 0 eng d |
| 010 ## - LIBRARY OF CONGRESS CONTROL NUMBER | |
| LC control number | A-806095 |
| 020 ## - INTERNATIONAL STANDARD BOOK NUMBER | |
| Terms of availability | 47.00 |
| International Standard Book Number | 8123715978 |
| 035 ## - SYSTEM CONTROL NUMBER | |
| System control number | A-806095,A-806104 |
| 037 ## - SOURCE OF ACQUISITION | |
| Source of stock number/acquisition | Cen Lib/Ret |
| 040 ## - CATALOGING SOURCE | |
| Original cataloging agency | DPL |
| Language of cataloging | EN |
| Transcribing agency | 0 |
| 082 ## - DEWEY DECIMAL CLASSIFICATION NUMBER | |
| Classification number | 659.1 |
| Item number | BAN |
| 100 ## - MAIN ENTRY--PERSONAL NAME | |
| Personal name | Banerjee, Subrata |
| 9 (RLIN) | 25900 |
| 245 ## - TITLE STATEMENT | |
| Title | Advertising as a career / |
| Statement of responsibility, etc | by Subrata Banerjee |
| 260 ## - PUBLICATION, DISTRIBUTION, ETC. (IMPRINT) | |
| Place of publication, distribution, etc | New Delhi |
| Name of publisher, distributor, etc | National Book Trust, India |
| Date of publication, distribution, etc | 1996 |
| 270 ## - ADDRESS | |
| Address | A-5, Green Park |
| City | New Delhi |
| Postal code | 110016 |
| 300 ## - PHYSICAL DESCRIPTION | |
| Extent | 217p. |
| Dimensions | 20cm(Hb) |
| 490 ## - SERIES STATEMENT | |
| Series statement | Young india library |
| 500 ## - GENERAL NOTE | |
| General note | Includes bibliographical reference |
| 650 ## - SUBJECT ADDED ENTRY--TOPICAL TERM | |
| Topical term or geographic name as entry element | Advertising |
| 9 (RLIN) | 24955 |
| 650 ## - SUBJECT ADDED ENTRY--TOPICAL TERM | |
| Topical term or geographic name as entry element | Advertising--Vocational guidance |
| 9 (RLIN) | 25901 |
| 942 ## - ADDED ENTRY ELEMENTS (KOHA) | |
| Source of classification or shelving scheme | Dewey Decimal Classification |
| Koha item type | English Books |
| Classification part | 659.1 |
| Call number suffix | BAN |
| Withdrawn status | Lost status | Damaged status | Not for loan | Home library | Current library | Date acquired | Source of acquisition | Cost, normal purchase price | Total Checkouts | Full call number | Barcode | Date last seen | Copy number | Cost, replacement price | Price effective from | Koha item type | Source of classification or shelving scheme | Collection code | Date checked out |
|---|---|---|---|---|---|---|---|---|---|---|---|---|---|---|---|---|---|---|---|
| Withdrawn | Central Library | Central Library | 06/07/2015 | Cen Lib/Ret | 47.00 | 659.1 BAN | A-806095 | 06/07/2015 | 1 | 47.00 | 06/07/2015 | English Books | |||||||
| Shahdara Branch | Shahdara Branch | 23/06/2018 | BPPD/PUB | 47.00 | 1 | 659.1 BAN | A-806104 | 01/06/2019 | 47.00 | 23/06/2018 | English Books | Dewey Decimal Classification | Non-fiction | 18/05/2019 |
